House Prices and Household Debt in the Euro Area

Vzťah zadlženosti domácností a cien bytov skúmaný na základe analýzy panelových dát. Zmena vzťahu ukazovateľov po kríze r. 2008 vzhľadom na dlhodobosť vzťahu a malú vzorku dát.

Na minha lista:
Detalhes bibliográficos
Autor principal: Gertler, Ľubomíra, 1977-
Outros Autores: Sivák, Rudolf, 1955-
Formato: Capítulo de Livro
Idioma:inglês
Assuntos:
Tags: Adicionar Tag
Sem tags, seja o primeiro a adicionar uma tag!

MARC

LEADER 00000naa$a2200000$$$4500
001 0198208
005 20240502083503.8
041 0 |a eng 
044 |a CZ 
245 1 0 |a House Prices and Household Debt in the Euro Area  |c Ľubomíra Gertler, Rudolf Sivák 
520 |a Vzťah zadlženosti domácností a cien bytov skúmaný na základe analýzy panelových dát. Zmena vzťahu ukazovateľov po kríze r. 2008 vzhľadom na dlhodobosť vzťahu a malú vzorku dát. 
610 2 0 |a zadlženosť 
610 2 0 |a domácnosti 
610 2 0 |a trh realitný 
610 2 0 |a byty 
610 2 0 |a politika bytová 
610 2 0 |a eurozóna 
610 2 0 |a analýzy 
610 2 0 |a kríza 
100 1 |a Gertler, Ľubomíra, 1977- 
700 1 |a Sivák, Rudolf, 1955-